Дело по прошению уполномоченного от государственных крестьян Вятской губернии разных волостей крестьянина Акима Хозяйкина о пере...

Доступно только в Электронных читальных залах Найти на картеНа карте
RUSMARC
00003847nmc2a22000003x 450
001a6cf1fe3-644b-447e-b525-6048570230f3
00520200305185746.0
100##$a20180907l18661867k l0rusy0189 ca
1010#$arus
102##$aRU
2001#$aДело по прошению уполномоченного от государственных крестьян Вятской губернии разных волостей крестьянина Акима Хозяйкина о переселении доверителей его, в числе двухсот шестидесяти пяти семейств, в Минусинский округ Енисейской губернии
$j17 декабря 1866 г. - 17 мая 1867 г.
251##$cДело
300##$aДело
801#0$aRU
$bРГИА
$c20180907
$gRCR
801#1$aRU
$bГлавНИВЦ
$c20180907
$2rusmarc
801#2$aRU
$bПБ им. Б.Н. Ельцина
$c20200305
$gRCR
$2rusmarc
850##$aРГИА
852##$aРГИА
$eФедеральное казенное учреждение "Российский государственный исторический архив" (РГИА)
$j808
937##$hРГИА
$d12292764
$aASBIBLIO_SCAN
462#0$1001d8f9f7d4-b5a2-42ce-9901-502471366df6
$12001
$aДела Департамента полиции исполнительной МВД за 1866 год
$1251
$cОпись
$1852
$j27
$l1866 г.
461#0$10013e300ed0-cd39-49af-8489-5ba5b90fa401
$12001
$aДепартамент полиции исполнительной МВД
$1251
$cФонд
$1852
$j1286
215##$a20 л.
$d36,5х26 см
371##$aДокумент не является опубликованным и широко распространяемым
105##$ay###
1222#$ad
035##$aa6cf1fe3-644b-447e-b525-6048570230f3
856##$uhttp://readingroom.main.prlib.ru/item.aspx?id_node=n143088830&mode=full
Формат отображения